Atletismo: iniciación y perfeccionamiento
Պահպանված է:
| Հիմնական հեղինակ: | |
|---|---|
| Ձևաչափ: | Գիրք |
| Լեզու: | իսպաներեն |
| Հրապարակվել է: |
Barcelona
Paidotribo
2007
|
| Հրատարակություն: | 3a. ed |
| Շարք: | Colección Deporte
|
| Խորագրեր: | |
| Ցուցիչներ: |
Ավելացրեք ցուցիչ
Չկան պիտակներ, Եղեք առաջինը, ով նշում է այս գրառումը!
|
MARC
| LEADER | 00000cam a2200000 a 4500 | ||
|---|---|---|---|
| 001 | UCG3295 | ||
| 003 | CL-VaPUC | ||
| 008 | 100819e20070000SP |||||||||||||||||spa|d | ||
| 020 | |a 9788480192828 | ||
| 082 | 0 | 4 | |a 796.4 |b POL |2 21 |
| 100 | 0 | |a Polischuk, Vitaliy |e author |9 552299 | |
| 245 | 1 | 0 | |a Atletismo: iniciación y perfeccionamiento |
| 250 | |a 3a. ed | ||
| 300 | |a 267 p | ||
| 942 | |c BK | ||
| 945 | |d 20100819 00:00:00 |a mfarfan | ||
| 260 | |a Barcelona |b Paidotribo |c 2007 | ||
| 650 | 7 | |a ENTRENAMIENTO ATLETICO |2 CL-VaPUC |9 552300 | |
| 650 | 0 | |a Atletismo |9 307422 | |
| 650 | 0 | |a Actividad física |9 362156 | |
| 650 | 7 | |a DEPORTE |2 CL-VaPUC |9 552301 | |
| 583 | |a last modification |c 20161229 06:34:06 |k Rodrigo Vera | ||
| 490 | 0 | |a Colección Deporte | |
| 999 | |c 342365 |d 342363 | ||
| 952 | |0 0 |1 0 |4 0 |6 796_400000000000000_POL_2007 |7 0 |8 C |9 438525 |a BIBCUR |b BIBCUR |d 2019-11-22 |i 4708652 |l 2 |o 796.4 POL 2007 |p 4708652 |r 2025-04-22 |s 2025-01-06 |w 2019-11-22 |y BK |k DEN | ||
| 952 | |0 0 |1 0 |3 erb |4 0 |6 796_400000000000000_POL_2007 |7 0 |8 A |9 438526 |a BIBEDU |b BIBEDU |i 5358728 |l 1 |m 1 |o 796.4 POL 2007 |p 5358728 |r 2025-04-02 |s 2025-03-19 |w 2019-11-22 |y BK |z Catalogado en:20161230 |k EFI | ||
| 952 | |0 0 |1 0 |3 erb |4 0 |6 796_400000000000000_POL_2007 |7 0 |8 A |9 438527 |a BIBEDU |b BIBEDU |i 5358736 |l 1 |o 796.4 POL 2007 |p 5358736 |r 2025-03-31 |s 2025-03-20 |w 2019-11-22 |y BK |z Catalogado en:20161230 |k EFI | ||